000 00622nam a2200217 a 4500
999 _c6135
_d6135
001 6135
003 BD-JhCC
005 20180102110231.0
008 171125s1988 bg |||| |a|| 000 0 ben d
035 _a(BD-JhCC)4275
040 _aBD-JhCC
_dBD-JhCC
041 _aben
082 _a297.18
_bABS 1988
100 _aআবসার, নুরুল
245 _aগওস পাক /
_cনুরুল আবসার
260 _aঢাকা :
_bইসলামিক ফাউণ্ডেশন,
_c1988.
300 _a78 p. :
_c22 cm.
650 _aHazrat abdul quader zilani
942 _2ddc
_cBK